[Event "Bizkaia ch 1 cat"]
[Site "Zornotza"]
[Date "2006.10.21"]
[Round "1.1"]
[White "Arrillaga Romero, David"]
[Black "Lozoya Rodriguez, Alberto"]
[Result "1-0"]
[WhiteElo "1880"]
[BlackElo "2040"]
[PlyCount "78"]
[EventDate "2006.10.21"]

1. c4 c5 2. Nf3 g6 3. Nc3 Bg7 4. d4 cxd4 5. Nxd4 Nc6 6. e3 Nf6 7. Be2 O-O 8.
O-O e6 9. b3 d5 10. Nxc6 bxc6 11. Bb2 e5 12. Na4 Qe7 13. cxd5 cxd5 14. Qc1 Rd8
15. Ba3 Qe8 16. Qd2 Bf5 17. f3 Bh6 18. Bb2 d4 19. f4 Nd5 20. g4 Bd7 21. g5 Bg7
22. exd4 Nxf4 23. Bf3 Qe7 24. h4 Qe6 25. Nc5 Qh3 26. Nxd7 Qg3+ 27. Kh1 Qh3+ 28.
Qh2 Qxd7 29. dxe5 Nd3 30. e6 Qxe6 31. Bxg7 Kxg7 32. Bxa8 Rxa8 33. Qg2 Rd8 34.
Rf6 Qe3 35. Raf1 Ne5 36. Kh2 Rd2 37. R1f2 Rd4 38. Qg3 Ng4+ 39. Kg2 Qe4+ 1-0

[Event "Bizkaia ch 1 cat"]
[Site "Zornotza"]
[Date "2006.10.21"]
[Round "1.2"]
[White "Torres Novalbos, David"]
[Black "Mendez Nuñez, Jose Antonio"]
[Result "1-0"]
[WhiteElo "1952"]
[BlackElo "1870"]
[PlyCount "103"]
[EventDate "2006.10.21"]

1. Nf3 d5 2. d4 Bf5 3. c4 c6 4. e3 Na6 5. Qb3 Qb6 6. Bd2 e6 7. c5 Qxb3 8. axb3
Bxb1 9. Rxb1 Nb8 10. Bd3 Nf6 11. b4 h6 12. b5 Be7 13. Ra1 Nfd7 14. b4 cxb5 15.
Bxb5 O-O 16. Ke2 Bf6 17. Bc3 a6 18. Ra3 Rc8 19. Rha1 Be7 20. Kd3 Rc7 21. Bxd7
Nxd7 22. b5 Kh7 23. bxa6 bxa6 24. Rxa6 Rxa6 25. Rxa6 Bxc5 26. Ra8 Ba7 27. Ba5
Rb7 28. Nd2 f6 29. Kc3 Bb8 30. h3 Bc7 31. Nb3 Bxa5+ 32. Rxa5 Nb6 33. Nc5 Rc7
34. Ra6 Nd7 35. Kb4 e5 36. Rd6 Nxc5 37. dxc5 Kg6 38. Kb5 Rb7+ 39. Kc6 Rb2 40.
Kxd5 Rxf2 41. c6 Rc2 42. Ke6 Rxg2 43. e4 Rc2 44. Kd7 Kg5 45. c7 Kf4 46. Rc6
Rxc6 47. Kxc6 Kxe4 48. c8=Q f5 49. Kd6 Kf4 50. Qc1+ Kg3 51. Qc3+ Kh4 52. Kxe5
1-0

[Event "Bizkaia ch 1 cat"]
[Site "Zornotza"]
[Date "2006.10.21"]
[Round "1.3"]
[White "Garcia Rodriguez, Mariano"]
[Black "Martinez Pelaez, David"]
[Result "0-1"]
[WhiteElo "1835"]
[BlackElo "1969"]
[PlyCount "50"]
[EventDate "2006.10.21"]

1. d4 Nf6 2. c4 e5 3. dxe5 Ng4 4. e4 Nxe5 5. Nc3 Nbc6 6. Nf3 Bc5 7. Nxe5 Nxe5
8. Bf4 Ng6 9. Bg3 O-O 10. Bd3 d6 11. O-O Qg5 12. Qc1 Qg4 13. Be2 Qe6 14. Kh1
Bd7 15. f4 f5 16. exf5 Qxf5 17. Bf3 Bc6 18. Bxc6 bxc6 19. Rf3 Rae8 20. Qd2 Rf7
21. Bf2 Rfe7 22. Bxc5 Qxc5 23. Qd3 Re1+ 24. Rxe1 Rxe1+ 25. Rf1 Qf2 0-1

[Event "Bizkaia ch 1 cat"]
[Site "Zornotza"]
[Date "2006.10.21"]
[Round "1.4"]
[White "Serrano Martinez, Antonio"]
[Black "Arabiotorre Arbulu, Aitor"]
[Result "1-0"]
[WhiteElo "1864"]
[BlackElo "1829"]
[PlyCount "135"]
[EventDate "2006.10.21"]

1. e4 e5 2. Bc4 Nf6 3. Nc3 Nc6 4. Nf3 Be7 5. d4 d6 6. O-O Bg4 7. Bb5 O-O 8.
Bxc6 bxc6 9. dxe5 Bxf3 10. Qxf3 dxe5 11. Bg5 Nd7 12. Bxe7 Qxe7 13. Rad1 Nc5 14.
Rd2 Ne6 15. Ne2 Rfd8 16. Rfd1 Rd6 17. Qc3 Rad8 18. Rxd6 Rxd6 19. Rxd6 Qxd6 20.
Qd3 Nc5 21. Qxd6 cxd6 22. f3 Kf8 23. Kf2 Ke7 24. Nc3 Ne6 25. Ke3 Nf4 26. g3 Ne6
27. Ne2 g6 28. b4 f6 29. c4 Nc7 30. Nc3 a6 31. a4 Ke6 32. b5 cxb5 33. axb5 axb5
34. cxb5 f5 35. b6 Na6 36. Nd5 Nc5 37. h4 fxe4 38. fxe4 h6 39. g4 g5 40. h5 Kf7
41. Ke2 Ke6 42. Ke3 Kf7 43. Nc7 Ke7 44. Nd5+ Kf7 45. Kf3 Ke8 46. Ne3 Kd7 47.
Nf5 Kc6 48. Nxh6 Ne6 49. Nf7 Kxb6 50. h6 Nf8 51. Nxd6 Kc6 52. Nf7 Ng6 53. Nxg5
Kd7 54. h7 Ke7 55. Ke3 Kf6 56. Nf3 Kg7 57. Kd3 Kxh7 58. Kc4 Kh6 59. Kd5 Kg7 60.
Nxe5 Nf4+ 61. Kd6 Kf6 62. Nf3 Kf7 63. e5 Ne6 64. g5 Nf4 65. Nh4 Ke8 66. g6 Nd3
67. Nf5 Nf4 68. Ng7+ 1-0

[Event "Bizkaia ch 1 cat"]
[Site "Zornotza"]
[Date "2006.10.21"]
[Round "1.6"]
[White "Sanchez Dolado, Jorge"]
[Black "Regillaga Otaño, Jon"]
[Result "1-0"]
[WhiteElo "1966"]
[BlackElo "1779"]
[PlyCount "87"]
[EventDate "2006.10.21"]

1. d4 f5 2. c4 Nf6 3. Nc3 g6 4. h4 d6 5. h5 Nxh5 6. Rxh5 gxh5 7. e4 Qd7 8.
Qxh5+ Kd8 9. Nh3 Qe8 10. Qf3 fxe4 11. Nxe4 Bxh3 12. Qxh3 Qd7 13. Qh5 Qe8 14.
Qh4 Bg7 15. Be3 h6 16. O-O-O Nd7 17. c5 d5 18. Nc3 c6 19. Be2 Bf6 20. Qh3 Bg5
21. f4 Bf6 22. Bh5 Qg8 23. Ne2 Qg7 24. g4 Rg8 25. Bf2 Kc7 26. Qd3 Nf8 27. Bg3
Kd8 28. Qb3 Kc8 29. Kb1 Ne6 30. Qe3 Nc7 31. Bf2 Kd7 32. Ng3 e6 33. Qb3 Kc8 34.
Ne2 Ne8 35. Qe3 Qe7 36. Re1 Nc7 37. g5 hxg5 38. Bg4 gxf4 39. Nxf4 Kd8 40. Nxe6+
Nxe6 41. Bxe6 Qh7+ 42. Ka1 Re8 43. Qf4 Be7 44. Bg3 1-0

[Event "Bizkaia ch 1 cat"]
[Site "Zornotza"]
[Date "2006.10.21"]
[Round "1.7"]
[White "Iza Gallastegui, Asier"]
[Black "Gallastegui Arregui, Aitor"]
[Result "0-1"]
[WhiteElo "1740"]
[BlackElo "1961"]
[PlyCount "102"]
[EventDate "2006.10.21"]

1. d4 Nf6 2. c4 c5 3. d5 b5 4. cxb5 a6 5. Nc3 axb5 6. Nxb5 Qa5+ 7. Nc3 Bb7 8.
Bd2 Qb6 9. e4 g6 10. Bc4 d6 11. Nf3 Nbd7 12. h3 Bg7 13. O-O O-O 14. Re1 Ba6 15.
Bxa6 Qxa6 16. Qc2 Rfb8 17. Rad1 Nb6 18. b3 Nfd7 19. Bg5 Nc8 20. Bf4 Qa5 21. Na4
Ncb6 22. Nxb6 Rxb6 23. Re2 Qb4 24. Bg5 f6 25. Bd2 Qb5 26. Bc3 Rba6 27. a4 Qb7
28. Nd2 Rb8 29. f4 Bh6 30. Rf1 Raa8 31. Qd3 Qa7 32. Kh1 Rf8 33. a5 Rab8 34. Qg3
Bg7 35. Rfe1 Qa6 36. e5 fxe5 37. fxe5 Nxe5 38. Bxe5 dxe5 39. Nc4 Qb7 40. Nb6
Rf4 41. h4 Bf6 42. Qd3 Rxh4+ 43. Kg1 Rd4 44. Qh3 Rd8 45. Rc2 R4xd5 46. Nxd5
Qxd5 47. Rec1 e4 48. Kf1 Bd4 49. Ke1 e3 50. b4 Bc3+ 51. Ke2 Qd3+ 0-1

[Event "Bizkaia ch 1 cat"]
[Site "Zornotza"]
[Date "2006.10.21"]
[Round "1.8"]
[White "Goiria Montoya, Anton"]
[Black "Leniz Marques, Iñaki"]
[Result "0-1"]
[WhiteElo "1929"]
[BlackElo "907"]
[PlyCount "73"]
[EventDate "2006.10.21"]

1. c4 Nf6 2. Nc3 g6 3. Nf3 Bg7 4. g3 O-O 5. Bg2 d6 6. O-O c5 7. d4 Nbd7 8. Bg5
Nb6 9. b3 a6 10. Qd2 Qc7 11. Rad1 Bg4 12. dxc5 dxc5 13. Bf4 Qd7 14. Ne5 Qxd2
15. Rxd2 Nh5 16. Bxb7 Nxf4 17. gxf4 Ra7 18. Bg2 Bc8 19. Nd5 Bxe5 20. fxe5 Rd7
21. Rfd1 Na8 22. f4 Nc7 23. Nf6+ exf6 24. Rxd7 Bxd7 25. Rxd7 Ne6 26. exf6 Nxf4
27. Bf3 h5 28. Ra7 Re8 29. Kf1 Re6 30. Rc7 Rxf6 31. Rxc5 Ne6 32. Rc6 g5 33. Ke1
g4 34. Bd5 h4 35. a4 g3 36. hxg3 hxg3 37. a5 0-1

[Event "Bizkaia ch 1 cat"]
[Site "Zornotza"]
[Date "2006.10.21"]
[Round "1.9"]
[White "Aboitiz Olabarriaga, Beñat"]
[Black "Arrillaga Romero, Oscar"]
[Result "0-1"]
[WhiteElo "886"]
[BlackElo "1925"]
[PlyCount "102"]
[EventDate "2006.10.21"]

1. e4 e5 2. Nf3 Nc6 3. Bb5 a6 4. Ba4 Nf6 5. O-O Be7 6. Re1 b5 7. Bb3 O-O 8. h3
d6 9. c3 Na5 10. Bc2 c5 11. d4 Qc7 12. d5 h6 13. Nbd2 Nh7 14. Nf1 f5 15. exf5
Bxf5 16. Bxf5 Rxf5 17. Ng3 Rf7 18. Ne4 c4 19. Nxe5 dxe5 20. d6 Bxd6 21. Qxd6
Nb7 22. Qg6 Nc5 23. Nxc5 Qxc5 24. Qg3 Raf8 25. Be3 Qc7 26. a4 Qc6 27. Qxe5 Rf5
28. axb5 axb5 29. Qg3 Ng5 30. Ra7 Qg6 31. h4 Rf3 32. gxf3 Nxf3+ 33. Kh1 Qxg3
34. fxg3 Nxe1 35. Rb7 Rf5 36. Bd4 g5 37. h5 g4 38. Rb8+ Kf7 39. Rb7+ Ke8 40.
Rb8+ Kd7 41. Rb7+ Kc8 42. Re7 Rxh5+ 43. Kg1 Nf3+ 44. Kf2 Rh2+ 45. Ke3 Rxb2 46.
Bg7 h5 47. Bf6 b4 48. Re4 Nd2 49. Rf4 b3 50. Rf2 Rc2 51. Rxd2 b2 0-1

[Event "Bizkaia ch 1 cat"]
[Site "Zornotza"]
[Date "2006.10.21"]
[Round "1.10"]
[White "Gallastegui Zorrozua, Karmelo"]
[Black "Prieto Aragon, Isidoro"]
[Result "0-1"]
[WhiteElo "1915"]
[BlackElo "841"]
[PlyCount "80"]
[EventDate "2006.10.21"]

1. d4 d5 2. c4 c6 3. Nc3 Nf6 4. Nf3 Bf5 5. cxd5 Nxd5 6. e3 e6 7. Ne5 Nd7 8. g4
Bg6 9. Nxg6 hxg6 10. Bg2 Bd6 11. h3 Qb6 12. O-O Qd8 13. Nxd5 exd5 14. Qd3 Qe7
15. Rb1 Nf6 16. Re1 O-O-O 17. Bd2 Ne4 18. Bxe4 dxe4 19. Qf1 Qh4 20. d5 Qxh3 21.
Qxh3 Rxh3 22. dxc6 bxc6 23. Rbc1 Rdh8 24. Kf1 Rh1+ 25. Ke2 Rxe1+ 26. Bxe1 Kb7
27. Rc4 f5 28. Bc3 Rh2 29. Kf1 Rh1+ 30. Ke2 c5 31. Bxg7 Rh7 32. Bc3 Kb6 33.
gxf5 gxf5 34. Be1 Be5 35. b4 Rc7 36. bxc5+ Rxc5 37. Rxc5 Kxc5 38. f3 Kc4 39.
fxe4 fxe4 40. Kd1 Kd3 0-1

[Event "Bizkaia ch 1 cat"]
[Site "Zornotza"]
[Date "2006.10.21"]
[Round "1.11"]
[White "Cosgaya Garcia, Marcelino"]
[Black "Gutierrez Renedo, Manuel"]
[Result "1-0"]
[WhiteElo "683"]
[BlackElo "1886"]
[PlyCount "60"]
[EventDate "2006.10.21"]

1. e4 e5 2. Nc3 Nf6 3. Nf3 Nc6 4. d4 exd4 5. Nxd4 Be7 6. Be3 Nxd4 7. Bxd4 d6 8.
e5 dxe5 9. Bxe5 c6 10. Qxd8+ Bxd8 11. Bd3 O-O 12. O-O Be6 13. Rad1 Nd7 14. Bd6
Re8 15. Rfe1 Ba5 16. a3 Bxc3 17. bxc3 Bd5 18. c4 Re6 19. cxd5 Rxd6 20. dxc6
Rxc6 21. Bb5 Nb6 22. Bxc6 bxc6 23. Rd6 Rc8 24. Rxc6 Rd8 25. Kf1 Kf8 26. c4 Nc8
27. c5 Ne7 28. Rc7 Nd5 29. Rxa7 Rc8 30. c6 g6 1-0

[Event "Bizkaia ch 1 cat"]
[Site "Zornotza"]
[Date "2006.10.28"]
[Round "2.1"]
[White "Arrillaga Romero, Oscar"]
[Black "Torres Novalbos, David"]
[Result "1-0"]
[WhiteElo "1925"]
[BlackElo "1952"]
[PlyCount "37"]
[EventDate "2006.10.21"]

1. e4 c5 2. Nf3 Nc6 3. d4 cxd4 4. Nxd4 Nf6 5. Nc3 e5 6. Nxc6 bxc6 7. Bc4 Bb4 8.
Bg5 Qa5 9. Qf3 d5 10. Bxf6 dxc4 11. Bxg7 Rg8 12. Bf6 Rg6 13. O-O Bg4 14. Qg3
Bxc3 15. bxc3 Be2 16. Qh4 Bxf1 17. Rxf1 Qxc3 18. Qxh7 Qf3 19. Qxg6 1-0

[Event "Bizkaia ch 1 cat"]
[Site "Zornotza"]
[Date "2006.10.28"]
[Round "2.2"]
[White "Martinez Pelaez, David"]
[Black "Arrillaga Romero, David"]
[Result "1-0"]
[WhiteElo "1969"]
[BlackElo "1880"]
[PlyCount "67"]
[EventDate "2006.10.21"]

1. e4 c5 2. Nf3 e6 3. d4 cxd4 4. Nxd4 Nc6 5. Nc3 Nf6 6. Nxc6 bxc6 7. Bd3 Qc7 8.
O-O Bd6 9. f4 Bc5+ 10. Kh1 h5 11. e5 Ng4 12. Ne4 Be7 13. Be2 Nh6 14. Bxh5 g6
15. Bf3 Nf5 16. g4 Nh4 17. Be3 Nxf3 18. Qxf3 Ba6 19. Rfd1 Bc4 20. b3 Bd5 21. c4
Bxe4 22. Qxe4 Rh4 23. Qf3 O-O-O 24. Bf2 Rh7 25. Bg3 Bc5 26. Rd2 d5 27. exd6
Bxd6 28. Rad1 Rhh8 29. Qf2 Kb7 30. c5 Be7 31. f5 Rxd2 32. Rxd2 Bxc5 33. Qxc5
Qxg3 34. Rd7+ 1-0

[Event "Bizkaia ch 1 cat"]
[Site "Zornotza"]
[Date "2006.10.28"]
[Round "2.3"]
[White "Leniz Marques, Iñaki"]
[Black "Serrano Martinez, Antonio"]
[Result "1-0"]
[WhiteElo "907"]
[BlackElo "1864"]
[PlyCount "96"]
[EventDate "2006.10.21"]

1. e4 d6 2. d4 Nf6 3. Bd3 g6 4. f4 Bg7 5. Nf3 b6 6. O-O Bb7 7. c3 Nbd7 8. e5
dxe5 9. fxe5 Nd5 10. e6 fxe6 11. Ng5 Nf8 12. Nf7 Qd7 13. Nxh8 Bxh8 14. Qf3
O-O-O 15. Qxf8 Rxf8 16. Rxf8+ Qd8 17. Rxd8+ Kxd8 18. Na3 a6 19. Nc4 Bf6 20. Ne5
c5 21. Bg5 cxd4 22. cxd4 Nb4 23. Bc4 Nc2 24. Rf1 Bxg5 25. Nf7+ Ke8 26. Nxg5 Ne3
27. Rc1 Nxc4 28. Rxc4 Bd5 29. Ra4 h6 30. Nf3 a5 31. Ne5 b5 32. Rxa5 Kd8 33.
Rxb5 Bxa2 34. Rb8+ Kc7 35. Rf8 Bd5 36. Rf2 g5 37. Rc2+ Kd8 38. Nf7+ Ke8 39.
Nxh6 Kf8 40. Ng4 Kg7 41. Ne5 Be4 42. Rc7 Kf8 43. Nc6 Kf7 44. Nxe7 Kf6 45. g4
Bf3 46. h3 e5 47. Ng8+ Ke6 48. Re7+ Kd5 1-0

[Event "Bizkaia ch 1 cat"]
[Site "Zornotza"]
[Date "2006.10.28"]
[Round "2.4"]
[White "Lombraña Fuente, Iñaki"]
[Black "Cosgaya Garcia, Marcelino"]
[Result "1-0"]
[WhiteElo "2063"]
[BlackElo "683"]
[PlyCount "45"]
[EventDate "2006.10.21"]

1. d4 e6 2. Nf3 d5 3. c4 c6 4. g3 Nf6 5. Bg2 Nbd7 6. Qc2 Be7 7. O-O O-O 8. b3
c5 9. Rd1 Ne4 10. Bb2 f5 11. cxd5 exd5 12. Nc3 Nb6 13. dxc5 Bxc5 14. Nxe4 fxe4
15. Qxc5 exf3 16. Bxf3 Be6 17. Qd4 Qe7 18. a4 Rad8 19. Ba3 Qf6 20. Bxf8 Qxd4
21. Rxd4 Kxf8 22. Rad1 a5 23. e4 1-0

[Event "Bizkaia ch 1 cat"]
[Site "Zornotza"]
[Date "2006.10.28"]
[Round "2.5"]
[White "Prieto Aragon, Isidoro"]
[Black "Sanchez Dolado, Jorge"]
[Result "0-1"]
[WhiteElo "841"]
[BlackElo "1966"]
[PlyCount "74"]
[EventDate "2006.10.21"]

1. Nf3 Nf6 2. c4 g6 3. b3 Bg7 4. Bb2 d6 5. e3 e5 6. d3 O-O 7. Be2 Ne8 8. Nbd2
f5 9. e4 c5 10. Nb1 Nf6 11. Nc3 Nc6 12. O-O f4 13. Ne1 Nd4 14. Nd5 Nxd5 15.
exd5 f3 16. Nxf3 Nxe2+ 17. Qxe2 Bg4 18. h3 Bxf3 19. gxf3 Qh4 20. f4 Rxf4 21.
Bc1 Rf5 22. Qg4 Qxg4+ 23. hxg4 Rf3 24. Be3 Raf8 25. Rad1 h5 26. gxh5 gxh5 27.
Kg2 R3f5 28. Rh1 Kh7 29. Rdf1 Bh6 30. Bxh6 Rg8+ 31. Kh2 Kxh6 32. Rhg1 Rxg1 33.
Kxg1 Rf3 34. Rd1 Kg5 35. Kg2 Kg4 36. Rd2 h4 37. Kh2 Rf4 0-1

[Event "Bizkaia ch 1 cat"]
[Site "Zornotza"]
[Date "2006.10.28"]
[Round "2.6"]
[White "Gallastegui Arregui, Aitor"]
[Black "Quincoces Bouron, Mikel"]
[Result "1-0"]
[WhiteElo "1961"]
[BlackElo "658"]
[PlyCount "83"]
[EventDate "2006.10.21"]

1. d4 d5 2. c4 Nf6 3. cxd5 Nxd5 4. Nf3 Nc6 5. e4 Nf6 6. Nc3 e6 7. a3 a6 8. Bc4
b5 9. Ba2 Bb7 10. O-O Be7 11. Re1 Rc8 12. Bg5 Nd7 13. Bf4 Na5 14. d5 Nc4 15.
Bxc4 bxc4 16. dxe6 fxe6 17. Nd4 Nc5 18. Be3 O-O 19. Qe2 Bf6 20. Qxc4 Bxd4 21.
Bxd4 Nd7 22. Qxe6+ Rf7 23. Rad1 Nf8 24. Qb3 c6 25. e5 Qe7 26. Ne4 c5 27. Bc3 c4
28. Qc2 Qh4 29. Nd6 Qg4 30. Nxb7 Rxb7 31. h3 Qg6 32. Qa4 Nd7 33. Rxd7 Rb6 34.
e6 Qe8 35. Rxg7+ Kf8 36. Qc2 Qh5 37. Rxh7 Qc5 38. Bb4 Rxb4 39. axb4 Qc6 40.
Qf5+ Ke8 41. Qf7+ Kd8 42. Qe7# 1-0

[Event "Bizkaia ch 1 cat"]
[Site "Zornotza"]
[Date "2006.10.28"]
[Round "2.7"]
[White "Lozoya Rodriguez, Alberto"]
[Black "Garcia Rodriguez, Mariano"]
[Result "1-0"]
[WhiteElo "2040"]
[BlackElo "1835"]
[PlyCount "66"]
[EventDate "2006.10.21"]

1. e4 c5 2. Nf3 d6 3. Bb5+ Bd7 4. Bxd7+ Nxd7 5. c4 Ngf6 6. Nc3 a6 7. d4 cxd4 8.
Nxd4 g6 9. Be3 Bg7 10. Rc1 O-O 11. O-O Rc8 12. b3 Qa5 13. Qe2 Nc5 14. Nd5 Nxd5
15. exd5 Rfe8 16. Rc2 Nd7 17. f4 e5 18. dxe6 fxe6 19. Nf3 e5 20. Qd1 exf4 21.
Bxf4 Qc5+ 22. Kh1 Ne5 23. Rd2 Bf8 24. Rd5 Qc7 25. Bxe5 dxe5 26. Rd7 Qb6 27. Ng5
Be7 28. Rf7 Rc7 29. Rxc7 Qxc7 30. Rg7+ Kxg7 31. Ne6+ Kh8 32. Nxc7 Rd8 33. Nd5
Bd6 1-0

[Event "Bizkaia ch 1 cat"]
[Site "Zornotza"]
[Date "2006.10.28"]
[Round "2.8"]
[White "Valdezate Suarez, Fernando"]
[Black "Iza Gallastegui, Asier"]
[Result "1-0"]
[WhiteElo "2081"]
[BlackElo "1740"]
[PlyCount "123"]
[EventDate "2006.10.21"]

1. d4 d5 2. Nf3 Nf6 3. Bf4 e6 4. e3 c5 5. Nbd2 Nc6 6. h3 Be7 7. c3 O-O 8. Ne5
Qb6 9. Qc2 Bd7 10. Be2 Rac8 11. Nxc6 bxc6 12. O-O cxd4 13. exd4 c5 14. dxc5
Qxc5 15. a3 a5 16. Qd3 Rfe8 17. Be5 Bd6 18. Bxd6 Qxd6 19. c4 Qf4 20. g3 Qh6 21.
h4 dxc4 22. Nxc4 Bb5 23. b3 a4 24. Rac1 Red8 25. Qb1 axb3 26. Qxb3 Ba6 27. Qb6
Bxc4 28. Rxc4 Rb8 29. Qc6 Qd2 30. Bf3 h6 31. Rd1 Qa5 32. Rxd8+ Rxd8 33. Rc3 e5
34. Re3 Rd2 35. Qa8+ Qxa8 36. Bxa8 Ra2 37. Bc6 Kf8 38. a4 Ng4 39. Rf3 Ke7 40.
Rxf7+ Kxf7 41. Bd5+ Ke7 42. Bxa2 Kd6 43. Kg2 e4 44. Kf1 Kc5 45. Bb3 Kb4 46. Bd1
Nf6 47. Ke1 Nd5 48. Kd2 Kc5 49. Bc2 Nf6 50. Ke3 Kb4 51. Bd1 Ka5 52. f3 Nd5+ 53.
Kd4 exf3 54. Kxd5 f2 55. Be2 Kxa4 56. Ke5 Kb4 57. Kf5 Kc3 58. Kg6 Kd2 59. Ba6
Ke1 60. Kxg7 f1=Q 61. Bxf1 Kxf1 62. Kxh6 1-0

[Event "Bizkaia ch 1 cat"]
[Site "Zornotza"]
[Date "2006.10.28"]
[Round "2.9"]
[White "Mendez Nuñez, Jose Antonio"]
[Black "Goiria Montoya, Anton"]
[Result "0-1"]
[WhiteElo "1870"]
[BlackElo "1929"]
[PlyCount "58"]
[EventDate "2006.10.21"]

1. e4 c5 2. c3 d5 3. exd5 Qxd5 4. Nf3 Nf6 5. Na3 g6 6. Nb5 Na6 7. Qb3 Be6 8.
Qxd5 Bxd5 9. Be2 Bg7 10. O-O O-O 11. d3 Bc6 12. Na3 Rfd8 13. d4 cxd4 14. Nxd4
Be8 15. Bf3 Nc5 16. Nab5 e5 17. Nc7 exd4 18. Nxa8 Rxa8 19. cxd4 Nce4 20. Be3
Bc6 21. Rac1 Re8 22. h3 Nd5 23. Rfe1 f5 24. Bxe4 Rxe4 25. Rc4 Bh6 26. Bxh6
Rxe1+ 27. Kh2 Re2 28. b4 Rxf2 29. Rc5 Nxb4 0-1

[Event "Bizkaia ch 1 cat"]
[Site "Zornotza"]
[Date "2006.10.28"]
[Round "2.10"]
[White "Arabiotorre Arbulu, Aitor"]
[Black "Gallastegui Zorrozua, Karmelo"]
[Result "1-0"]
[WhiteElo "1829"]
[BlackElo "1915"]
[PlyCount "45"]
[EventDate "2006.10.21"]

1. d4 d5 2. Nc3 Nf6 3. Bg5 Bf5 4. f3 e6 5. e4 dxe4 6. fxe4 Bg6 7. e5 h6 8. Bh4
Bh5 9. Bxf6 gxf6 10. Qxh5 fxe5 11. Qxe5 Rg8 12. Nf3 c6 13. O-O-O Nd7 14. Qf4
Rg6 15. Ne5 Nxe5 16. dxe5 Qa5 17. Bc4 Be7 18. Kb1 Qb6 19. Ne4 Rd8 20. Rxd8+
Qxd8 21. Rf1 f5 22. exf6 Ba3 23. bxa3 1-0

[Event "Bizkaia ch 1 cat"]
[Site "Zornotza"]
[Date "2006.10.28"]
[Round "2.11"]
[White "Gutierrez Renedo, Manuel"]
[Black "Aboitiz Olabarriaga, Beñat"]
[Result "1-0"]
[WhiteElo "1886"]
[BlackElo "886"]
[PlyCount "93"]
[EventDate "2006.10.21"]

1. b3 d5 2. Bb2 c5 3. e3 Nc6 4. Bb5 a6 5. Bxc6+ bxc6 6. f4 Nf6 7. Nf3 Bf5 8.
O-O e6 9. d3 Be7 10. Qe1 O-O 11. Nbd2 h6 12. Ne5 Qb6 13. Qg3 Rfd8 14. Qf3 Bd6
15. h3 Bxe5 16. Bxe5 Nd7 17. g4 Nxe5 18. fxe5 Bg6 19. h4 Rf8 20. Qg2 c4 21. d4
c3 22. Nf3 Be4 23. g5 hxg5 24. Qxg5 c5 25. dxc5 Qxc5 26. Nd4 Ra7 27. Rf4 Qc7
28. Qg3 Rc8 29. Raf1 Qd8 30. h5 Kh7 31. Rg4 Qg8 32. Rgf4 Re8 33. Qf2 f5 34. Qg3
Qf7 35. Rh4 Rh8 36. Rf2 Kg8 37. Rfh2 Rh6 38. Qg5 Kh8 39. R4h3 a5 40. a4 Rb7 41.
Rg3 Rb8 42. Nc6 Rxb3 43. cxb3 c2 44. Rxc2 Bxc2 45. Ne7 Bxb3 46. Ng6+ Rxg6 47.
hxg6 1-0

[Event "Bizkaia ch 1 cat"]
[Site "Zornotza"]
[Date "2006.11.04"]
[Round "3.1"]
[White "Sanchez Dolado, Jorge"]
[Black "Martinez Pelaez, David"]
[Result "1-0"]
[WhiteElo "1966"]
[BlackElo "1969"]
[PlyCount "51"]
[EventDate "2006.10.21"]

1. d4 Nf6 2. Bg5 d5 3. c4 e6 4. Nc3 Nbd7 5. cxd5 exd5 6. e3 Be7 7. Bd3 O-O 8.
Nge2 c6 9. Qc2 Re8 10. O-O Ne4 11. Bxe7 Qxe7 12. Rae1 Ndf6 13. f3 Nd6 14. e4
dxe4 15. fxe4 Ng4 16. Nf4 g6 17. h3 Nh6 18. Qf2 Bd7 19. e5 Ndf5 20. Ne4 Rf8 21.
Nf6+ Kh8 22. g4 g5 23. gxf5 gxf4 24. Qxf4 Rg8+ 25. Kh1 Nxf5 26. Bxf5 1-0

[Event "Bizkaia ch 1 cat"]
[Site "Zornotza"]
[Date "2006.11.04"]
[Round "3.2"]
[White "Arrillaga Romero, Oscar"]
[Black "Lombraña Fuente, Iñaki"]
[Result "1/2-1/2"]
[WhiteElo "1925"]
[BlackElo "2063"]
[PlyCount "69"]
[EventDate "2006.10.21"]

1. e4 c5 2. Nf3 Nc6 3. d4 cxd4 4. Nxd4 Nf6 5. Nc3 e5 6. Nxc6 bxc6 7. Bc4 Bb4 8.
Bg5 h6 9. Bh4 Qa5 10. Qf3 d5 11. Bxf6 dxc4 12. Bxg7 Rg8 13. Bf6 Bg4 14. Qg3 Rg6
15. Qxe5+ Qxe5 16. Bxe5 Re6 17. Bd4 Rxe4+ 18. Be3 f5 19. O-O Bxc3 20. bxc3 f4
21. Bd4 f3 22. Rfe1 Rxe1+ 23. Rxe1+ Kf7 24. gxf3 Bxf3 25. Re3 Bd5 26. f3 Rb8
27. Bxa7 Ra8 28. Bd4 Rxa2 29. Kf2 Rxc2+ 30. Re2 Rc1 31. Kg3 Rf1 32. Rf2 Rg1+
33. Rg2 Rf1 34. Rf2 Rg1+ 35. Rg2 1/2-1/2

[Event "Bizkaia ch 1 cat"]
[Site "Zornotza"]
[Date "2006.11.04"]
[Round "3.4"]
[White "Regillaga Otaño, Jon"]
[Black "Lozoya Rodriguez, Alberto"]
[Result "0-1"]
[WhiteElo "1779"]
[BlackElo "2040"]
[PlyCount "50"]
[EventDate "2006.10.21"]

1. f4 Nf6 2. Nf3 g6 3. b3 Bg7 4. Bb2 O-O 5. e3 c5 6. Be2 Nc6 7. O-O d6 8. a4
Rb8 9. Qe1 a6 10. Na3 e5 11. fxe5 Ng4 12. Qd1 Ngxe5 13. Nxe5 dxe5 14. Rb1 Bf5
15. Bc3 Nb4 16. Bxb4 cxb4 17. Nc4 b5 18. axb5 axb5 19. Nb2 e4 20. d3 Qg5 21.
dxe4 Qxe3+ 22. Kh1 Bxe4 23. Bd3 Bc6 24. Re1 Qf2 25. Re2 Bxg2# 0-1

[Event "Bizkaia ch 1 cat"]
[Site "Zornotza"]
[Date "2006.11.04"]
[Round "3.5"]
[White "Serrano Martinez, Antonio"]
[Black "Prieto Aragon, Isidoro"]
[Result "1-0"]
[WhiteElo "1864"]
[BlackElo "841"]
[PlyCount "65"]
[EventDate "2006.10.21"]

1. e4 c6 2. Nf3 d5 3. exd5 cxd5 4. d4 Nc6 5. Bb5 a6 6. Be2 Bg4 7. c3 Nf6 8. Ne5
Bxe2 9. Qxe2 e6 10. O-O Be7 11. Bg5 Ne4 12. Bxe7 Qxe7 13. Nd2 Nxd2 14. Qxd2 O-O
15. f4 Nxe5 16. fxe5 b5 17. Rf3 Rab8 18. b4 f5 19. exf6 Rxf6 20. Rxf6 gxf6 21.
Qe3 Re8 22. Re1 e5 23. Qg3+ Qg7 24. Qf3 Rd8 25. Qf5 e4 26. Re3 Kh8 27. Rh3 Qe7
28. Rxh7+ Qxh7 29. Qxf6+ Qg7 30. Qxd8+ Kh7 31. Qxd5 Qg4 32. Qf7+ Kh8 33. Kf2
1-0

[Event "Bizkaia ch 1 cat"]
[Site "Zornotza"]
[Date "2006.11.04"]
[Round "3.6"]
[White "Arrillaga Romero, David"]
[Black "Valdezate Suarez, Fernando"]
[Result "0-1"]
[WhiteElo "1880"]
[BlackElo "2081"]
[PlyCount "58"]
[EventDate "2006.10.21"]

1. e4 g6 2. d4 Bg7 3. Nf3 c6 4. Bd3 d5 5. e5 Bg4 6. h3 Bxf3 7. Qxf3 e6 8. Be3
Ne7 9. c3 Nd7 10. O-O c5 11. Bb5 O-O 12. Qg4 a6 13. Bd3 cxd4 14. cxd4 Qb6 15.
Nc3 Nc6 16. Nxd5 Qxb2 17. Rfb1 Ndxe5 18. dxe5 Qxe5 19. Nb6 Rad8 20. Qe2 Qd6 21.
Be4 Bxa1 22. Rxa1 Qe5 23. Rd1 Rxd1+ 24. Qxd1 Qxe4 25. Nd7 Rd8 26. Qd2 Qf5 27.
g4 Ne5 28. Qb4 Qf3 29. Qe7 Rxd7 0-1

[Event "Bizkaia ch 1 cat"]
[Site "Zornotza"]
[Date "2006.11.04"]
[Round "3.7"]
[White "Goiria Montoya, Anton"]
[Black "Arabiotorre Arbulu, Aitor"]
[Result "1-0"]
[WhiteElo "1929"]
[BlackElo "1829"]
[PlyCount "109"]
[EventDate "2006.10.21"]

1. c4 e5 2. Nc3 Nf6 3. Nf3 Nc6 4. g3 Bb4 5. Bg2 O-O 6. O-O Bxc3 7. dxc3 d6 8.
Qc2 Be6 9. b3 h6 10. Bd2 Qc8 11. Rad1 Bf5 12. Qc1 Kh7 13. Rfe1 Bh3 14. Qc2+ Bf5
15. Qb2 Bh3 16. Qc2+ Bf5 17. Qb2 Ne7 18. Bc1 Ng6 19. Qd2 Bh3 20. Qc2 Bxg2 21.
Kxg2 Kg8 22. Nd2 Nh5 23. Qe4 f5 24. Qd5+ Kh8 25. Nf3 Nf6 26. Qd2 Qe6 27. Qc2
Nh5 28. Rh1 Rf7 29. Rdg1 Raf8 30. Kf1 c5 31. h4 Nf6 32. Ng5 hxg5 33. hxg5+ Nh7
34. Rh5 Re8 35. Rgh1 Ngf8 36. g4 g6 37. Rh6 e4 38. Qd2 fxg4 39. Qe3 Qf5 40. Qg3
Ree7 41. Be3 Rd7 42. R1h4 Kg8 43. Rxg4 Ne6 44. Qh4 d5 45. cxd5 Rxd5 46. Rxe4
Nexg5 47. Re8+ Rf8 48. Rxf8+ Kxf8 49. c4 Rd7 50. Qg3 Kg7 51. Rh4 b6 52. Rg4 Ne4
53. Qh4 Nd2+ 54. Kg2 Qh5 55. Qxh5 1-0